[Event "Leutersdorf Muench Braeu op 14th"]
[Site "Leutersdorf"]
[Date "2009.02.12"]
[Round "9"]
[White "Heintel, Fred"]
[Black "Mattner, Uwe"]
[Result "1-0"]
[WhiteElo "1992"]
[BlackElo "1965"]
[PlyCount "86"]
[EventDate "2009.02.07"]
[EventType "swiss"]
[EventRounds "9"]
[EventCountry "GER"]
[SourceTitle "CBM 128 Extra"]
[Source "ChessBase"]
[SourceDate "2009.03.05"]
[SourceVersion "2"]
[SourceVersionDate "2009.03.25"]
[SourceQuality "1"]

1. c4 e6 2. Nc3 d5 3. d4 Nf6 4. Nf3 Be7 5. h3 Nbd7 6. a3 0-0 7. Bf4 c6 8. e3 dxc4 9. Bxc4 Nb6 10. Bd3 Nbd5 11. Bg5 h6 12. Nxd5 exd5 13. Bf4 Bd6 14. Bxd6 Qxd6 15. Qc2 Re8 16. b4 Ne4 17. Bxe4 Rxe4 18. Ne5 f6 19. Nd3 Bf5 20. Kd2 Bh7 21. Qc5 Qd7 22. b5 Re6 23. Nf4 Rd6 24. bxc6 Rxc6 25. Qxd5+ Qxd5 26. Nxd5 Rc2+ 27. Ke1 a5 28. Rd1 Kf8 29. f3 Rac8 30. e4 Rxg2 31. Ne3 Rg3 32. Kf2 Rg5 33. Rb1 b5 34. Rhe1 Rd8 35. d5 f5 36. f4 Rh5 37. e5 Rxh3 38. Rxb5 g5 39. Rb7 gxf4 40. Ng2 Bg8 41. e6 Ke8 42. Nxf4 Rxa3 43. Reb1 a4 1-0

[Event "Leutersdorf Muench Braeu op 14th"]
[Site "Leutersdorf"]
[Date "2009.02.11"]
[Round "7"]
[White "Muenchhalfen, Harald"]
[Black "Mattner, Uwe"]
[Result "1/2-1/2"]
[WhiteElo "1346"]
[BlackElo "1965"]
[PlyCount "36"]
[EventDate "2009.02.07"]
[EventType "swiss"]
[EventRounds "9"]
[EventCountry "GER"]
[SourceTitle "CBM 128 Extra"]
[Source "ChessBase"]
[SourceDate "2009.03.05"]
[SourceVersion "2"]
[SourceVersionDate "2009.03.25"]
[SourceQuality "1"]

1. Nf3 d5 2. d4 Nf6 3. c4 c6 4. Nc3 e6 5. cxd5 exd5 6. Qc2 Be7 7. Bg5 0-0 8. e3 h6 9. Bxf6 Bxf6 10. Bd3 Nd7 11. 0-0 Nb6 12. b3 Be6 13. Bf5 Bxf5 14. Qxf5 Qd7 15. Qxd7 Nxd7 16. Rac1 Rac8 17. Na4 Be7 18. Ne1 Nf6 1/2-1/2

[Event "Leutersdorf Sparkasse op 10th"]
[Site "Leutersdorf"]
[Date "2006.02.17"]
[Round "1"]
[White "Piankov, Evgenij"]
[Black "Mattner, Uwe"]
[Result "1-0"]
[WhiteElo "2354"]
[BlackElo "1536"]
[PlyCount "65"]
[EventDate "2006.02.17"]
[EventType "swiss"]
[EventRounds "7"]
[EventCountry "GER"]
[SourceTitle "EXT 2007"]
[Source "ChessBase"]
[SourceDate "2006.11.23"]
[SourceVersion "1"]
[SourceVersionDate "2006.11.23"]
[SourceQuality "1"]

1. d4 d5 2. Bg5 c6 3. a3 Qb6 4. Ra2 Nd7 5. e3 Ngf6 6. Nf3 h6 7. Bh4 e6 8. c4 Be7 9. Nc3 0-0 10. c5 Qd8 11. b4 Ne4 12. Bxe7 Qxe7 13. Nxe4 dxe4 14. Nd2 e5 15. Nxe4 exd4 16. Qxd4 Ne5 17. Qd6 Ng6 18. Qxe7 Nxe7 19. Bc4 Nd5 20. Bxd5 cxd5 21. Nd6 b6 22. Rc2 bxc5 23. Rxc5 Be6 24. Kd2 Rfd8 25. Nb5 Rac8 26. Rhc1 Rxc5 27. Rxc5 a5 28. bxa5 Kf8 29. a6 Bc8 30. Nc7 d4 31. e4 d3 32. a7 Bb7 33. Rb5 1-0

[Event "Loebau-Zittau KSK op"]
[Site "Leutersdorf"]
[Date "2004.02.14"]
[Round "4"]
[White "Mattner, Uwe"]
[Black "Lorenz, Nicole"]
[Result "1/2-1/2"]
[WhiteElo "1512"]
[BlackElo "1375"]
[PlyCount "81"]
[EventDate "2004.02.13"]
[EventType "swiss"]
[EventRounds "7"]
[EventCountry "GER"]
[SourceTitle "CBM 098 Extra"]
[Source "ChessBase"]
[SourceDate "2004.03.10"]
[SourceVersion "2"]
[SourceVersionDate "2004.03.10"]
[SourceQuality "1"]

1. d4 Nf6 2. Nf3 g6 3. c4 Bg7 4. Nc3 d5 5. Bg5 c6 6. e3 0-0 7. Bd3 dxc4 8. Bxc4 Nd5 9. 0-0 Be6 10. Qb3 h6 11. Bh4 g5 12. Bg3 b5 13. Bxd5 Bxd5 14. Nxd5 Qxd5 15. Qxd5 cxd5 16. Rac1 Na6 17. a3 Rac8 18. Nd2 h5 19. h3 f5 20. Be5 Bxe5 21. dxe5 e6 22. Nf3 g4 23. hxg4 hxg4 24. Nd4 Kf7 25. Nxb5 Ra8 26. Rc6 Nb8 27. Rc7+ Kg6 28. Rxa7 Rxa7 29. Nxa7 Nd7 30. Nc6 Kf7 31. b4 Ra8 32. Ra1 Nb6 33. Na5 Nd7 34. Nc6 Nb6 35. f4 gxf3 36. gxf3 Nc4 37. Kf2 Rxa3 38. Rxa3 Nxa3 39. Nd4 Nc4 40. f4 Ke7 41. Ke2 1/2-1/2

[Event "Loebau-Zittau KSK op"]
[Site "Leutersdorf"]
[Date "2004.02.14"]
[Round "6"]
[White "Mattner, Uwe"]
[Black "Pohl, Holger"]
[Result "1-0"]
[WhiteElo "1512"]
[BlackElo "1218"]
[PlyCount "63"]
[EventDate "2004.02.13"]
[EventType "swiss"]
[EventRounds "7"]
[EventCountry "GER"]
[SourceTitle "CBM 098 Extra"]
[Source "ChessBase"]
[SourceDate "2004.03.10"]
[SourceVersion "2"]
[SourceVersionDate "2004.03.10"]
[SourceQuality "1"]

1. d4 d5 2. Nf3 Nc6 3. Bg5 Nf6 4. e3 e6 5. c4 Be7 6. Nc3 0-0 7. Bd3 dxc4 8. Bxc4 Re8 9. 0-0 Nd7 10. Bf4 Bf6 11. Nb5 Nb6 12. Bd3 a6 13. Nxc7 e5 14. Nxe8 Qxe8 15. dxe5 Bxe5 16. Nxe5 Nxe5 17. Bxe5 Qxe5 18. Qb3 Nd5 19. Bc4 Be6 20. Rad1 Nc7 21. Bxe6 Nxe6 22. Rd5 Qc7 23. Rfd1 g6 24. Rd7 Qc5 25. h3 b5 26. Qd5 Rf8 27. Qb7 a5 28. R7d5 Qc2 29. Qxb5 Nc7 30. Qc5 Qxc5 31. Rxc5 Ne6 32. Rxa5 1-0

[Event "Loebau-Zittau KSK op"]
[Site "Leutersdorf"]
[Date "2004.02.13"]
[Round "2"]
[White "Mattner, Uwe"]
[Black "Zebisch, Paul"]
[Result "0-1"]
[WhiteElo "1512"]
[BlackElo "1958"]
[PlyCount "76"]
[EventDate "2004.02.13"]
[EventType "swiss"]
[EventRounds "7"]
[EventCountry "GER"]
[SourceTitle "CBM 098 Extra"]
[Source "ChessBase"]
[SourceDate "2004.03.10"]
[SourceVersion "2"]
[SourceVersionDate "2004.03.10"]
[SourceQuality "1"]

1. d4 Nf6 2. Nf3 g6 3. c4 Bg7 4. Nc3 0-0 5. Bg5 d6 6. e4 Nbd7 7. Bd3 c5 8. d5 a6 9. 0-0 b5 10. cxb5 axb5 11. Bxb5 h6 12. Bh4 Ba6 13. Re1 Bxb5 14. Nxb5 Qa5 15. Nc3 g5 16. Bg3 Ng4 17. Qc2 Rfb8 18. h4 Nge5 19. hxg5 Nxf3+ 20. gxf3 hxg5 21. Rac1 Qb4 22. Re2 Ne5 23. Kg2 Nc4 24. b3 Na3 25. Qd3 Bxc3 26. Qxc3 Nb5 27. Qe3 f6 28. f4 gxf4 29. Qxf4 Kf7 30. Qf5 Rg8 31. Qh5+ Kf8 32. Rh1 Nc3 33. Re3 Rxa2 34. Rh4 Qd4 35. Kh3 Qd1 36. Qh6+ Ke8 37. Kh2 Qf1 38. Rxc3 Rxf2+ 0-1